000 00602nam a22001937a 4500
003 ASAB
005 20180827062820.0
008 180308t xxu||||| |||| 00| 0 eng d
040 _cASAB
082 _aThesis 2016 UA
100 _aUmme Aiman-sup-Dr. Hajra Sadia
_93552
245 _aMS-TH-Detection of HPV, EBV, MMTV like Viral DNA sequence in Breast Cancer Patients
_cUmme Aiman-sup-Dr. Hajra Sadia
250 _a2016
260 _aIslamabad.
_bASAB NUST Islamabad.
_c2016
300 _ax, 70 P.
630 _aHealthcare Biotechnology
_93553
630 _aBreast Cancer
_93554
942 _2ddc
_cTH
999 _c480745
_d480745